Organizacija i planirovanije stroitel'nogo proizvodstva Upravlenije stroitel'noj organizacijej
Salvato in:
| Autore principale: | |
|---|---|
| Altri autori: | |
| Natura: | Libro |
| Lingua: | russo |
| Pubblicazione: |
Moskva
Strojizdat
1990
|
| Edizione: | 1. izd. |
| Tags: |
Nessun Tag, puoi essere il primo ad aggiungerne!!
|
MARC
| LEADER | 00000nam a2200000 4500 | ||
|---|---|---|---|
| 001 | c030281 | ||
| 005 | 20250224092302.3 | ||
| 041 | 0 | |a rus | |
| 044 | |a RU | ||
| 245 | 1 | 0 | |a Organizacija i planirovanije stroitel'nogo proizvodstva |b Upravlenije stroitel'noj organizacijej |c Lev Ivanovič Abramov, Eleonora Aleksandrovna Manajenkova |
| 250 | |a 1. izd. | ||
| 264 | 1 | |a Moskva |b Strojizdat |c 1990 | |
| 300 | |a 400 s. | ||
| 100 | 1 | |a Abramov, Lev Ivanovič | |
| 700 | 1 | |a Manajenkova, Eleonora Aleksandrovna | |